Animals by letter-A - Statistics

General Stats
  • This quiz has been taken 65 times
  • The average score is 8 of 10
Answer Stats
Picture Answer % Correct
Ant
100%
Alligator
95%
Alpaca
89%
African elephant
86%
Armadillo
86%
Anteater
80%
Antelope
80%
Anaconda
75%
Aardvark
68%
Albatross
66%
No matching quizzes found
Score Distribution
Percent of People with Each Score
Percentile by Number Answered
Your Score History
You have not taken this quiz